[Event "SVK-chT 0405"]
[Site "Slovakia"]
[Date "2005.04.10"]
[Round "11"]
[White "Hagara, Eduard"]
[Black "Ac, Michal"]
[Result "1/2-1/2"]
[WhiteElo "2398"]
[BlackElo "2243"]
[PlyCount "52"]
[EventDate "2004.11.13"]
[EventType "team-tourn"]
[EventRounds "11"]
[EventCountry "SVK"]
[SourceTitle "EXT 2019"]
[Source "ChessBase"]
[SourceDate "2018.10.10"]
[SourceVersion "1"]
[SourceVersionDate "2018.10.10"]
[SourceQuality "1"]
[WhiteTeam "Liptov"]
[BlackTeam "Bratislava Slovan II"]
[WhiteTeamCountry "SVK"]
[BlackTeamCountry "SVK"]

1. e4 e5 2. Nf3 Nc6 3. Bb5 a6 4. Ba4 d6 5. c3 Nf6 6. d3 Bd7 7. 0-0 g6 8. Re1 Bg7 9. Nbd2 0-0 10. Nf1 h6 11. h3 Nh5 12. d4 exd4 13. cxd4 Re8 14. Bc2 Nf6 15. Ng3 Nh7 16. Be3 Ng5 17. Nxg5 hxg5 18. Qd2 Bf6 19. f3 Qe7 20. Ne2 Nd8 21. Rad1 Bc8 22. Nc3 c6 23. e5 dxe5 24. dxe5 Bxe5 25. Bxg5 Qc5+ 26. Kh1 Ne6 1/2-1/2

[Event "SVK-chT 0405"]
[Site "Slovakia"]
[Date "2005.01.30"]
[Round "7"]
[White "Ac, Michal"]
[Black "Csonka, Attila Istvan"]
[Result "1-0"]
[WhiteElo "2243"]
[BlackElo "2362"]
[PlyCount "51"]
[EventDate "2004.11.13"]
[EventType "team-tourn"]
[EventRounds "11"]
[EventCountry "SVK"]
[SourceTitle "EXT 2019"]
[Source "ChessBase"]
[SourceDate "2018.10.10"]
[SourceVersion "1"]
[SourceVersionDate "2018.10.10"]
[SourceQuality "1"]
[WhiteTeam "Bratislava Slovan II"]
[BlackTeam "Dunajska Streda"]
[WhiteTeamCountry "SVK"]
[BlackTeamCountry "SVK"]

1. d4 Nf6 2. c4 e6 3. Nc3 Bb4 4. e3 0-0 5. Bd3 d5 6. Nge2 b6 7. 0-0 dxc4 8. Bxc4 Bb7 9. f3 c5 10. a3 cxd4 11. axb4 dxc3 12. bxc3 Qc7 13. Qb3 a6 14. Bd3 Nbd7 15. c4 Qe5 16. Bd2 Rfd8 17. e4 Qh5 18. Be3 Ne5 19. Nf4 Qh4 20. g3 Qh6 21. Be2 g5 22. Nd3 Rxd3 23. Bxd3 Nfg4 24. fxg4 Nxg4 25. Rf2 Nxe3 26. Be2 1-0

[Event "SVK-chT 0405"]
[Site "Slovakia"]
[Date "2005.01.08"]
[Round "5"]
[White "Banas, Jan"]
[Black "Ac, Michal"]
[Result "1-0"]
[WhiteElo "2337"]
[BlackElo "2243"]
[PlyCount "66"]
[EventDate "2004.11.13"]
[EventType "team-tourn"]
[EventRounds "11"]
[EventCountry "SVK"]
[SourceTitle "EXT 2019"]
[Source "ChessBase"]
[SourceDate "2018.10.10"]
[SourceVersion "1"]
[SourceVersionDate "2018.10.10"]
[SourceQuality "1"]
[WhiteTeam "Bratislava Slovan"]
[BlackTeam "Bratislava Slovan II"]
[WhiteTeamCountry "SVK"]
[BlackTeamCountry "SVK"]

1. c4 Nf6 2. Nc3 g6 3. e4 d6 4. d4 Bg7 5. Nge2 0-0 6. f3 e5 7. Bg5 h6 8. Be3 exd4 9. Nxd4 Nc6 10. Nc2 Be6 11. Qd2 Nd7 12. Be2 f5 13. 0-0 Kh7 14. exf5 Bxf5 15. Bd3 Bxd3 16. Qxd3 Qh4 17. f4 Nf6 18. h3 Rae8 19. Rf3 Qh5 20. Re1 Qf5 21. Qd1 h5 22. Nb5 Rf7 23. Nbd4 Qd7 24. f5 g5 25. Ne6 g4 26. hxg4 hxg4 27. Rff1 Kg8 28. Bg5 Ne5 29. Nxg7 Kxg7 30. Nd4 Nh7 31. Bf4 Kf6 32. Ne6 Rg8 33. Qd4 Nf8 1-0

[Event "SVK-chT1W 0405"]
[Site "Slovakia"]
[Date "2005.??.??"]
[Round "8"]
[White "Ac, Michal"]
[Black "Kovacocy, Pavol"]
[Result "1/2-1/2"]
[WhiteElo "2243"]
[BlackElo "2268"]
[PlyCount "39"]
[EventDate "2004.10.??"]
[EventType "team-tourn"]
[EventRounds "11"]
[EventCountry "SVK"]
[SourceTitle "EXT 2006"]
[Source "ChessBase"]
[SourceDate "2005.11.24"]
[SourceVersion "1"]
[SourceVersionDate "2005.11.24"]
[SourceQuality "1"]

1. d4 Nf6 2. c4 g6 3. Nc3 Bg7 4. e4 0-0 5. Nf3 d6 6. Be2 e5 7. 0-0 Nc6 8. Be3 Ng4 9. Bg5 f6 10. Bh4 Nh6 11. dxe5 dxe5 12. Qd5+ Kh8 13. Qc5 Qe8 14. Nd5 Rf7 15. h3 Be6 16. Rfd1 Ng8 17. Rab1 a6 18. b4 Bf8 19. Qe3 Bxd5 20. cxd5 1/2-1/2